[Event "WC-2016-Q-00002"]
[Site "LSS email"]
[Date "2013.10.22"]
[Round "?"]
[White "Orlov, Vladimir Borisovich"]
[Black "Kasabasic, Djordje"]
[Result "1/2-1/2"]
[WhiteElo "2117"]
[BlackElo "2202"]
[PlyCount "29"]
[EventDate "2013.10.27"]
[EventType "tourn (corr)"]
[EventRounds "12"]
[EventCountry "GER"]
[SourceTitle "Corr 2015"]
[Source "ChessBase"]
[SourceDate "2015.07.17"]
[SourceVersion "1"]
[SourceVersionDate "2015.07.17"]
[SourceQuality "1"]

1. e4 e5 2. Nf3 Nf6 3. d4 Nxe4 4. dxe5 d5 5. Nbd2 Nxd2 6. Qxd2 Be7 7. Qf4 0-0 8. Bd3 Nc6 9. Qg3 Re8 10. 0-0 Nb4 11. Bh6 Bf8 12. Bg5 Be7 13. Bh6 Bf8 14. Bg5 Be7 15. Bh6 1/2-1/2

[Event "WC-2016-Q-00002"]
[Site "LSS email"]
[Date "2013.10.22"]
[Round "?"]
[White "Ortiz, Manuel"]
[Black "Orlov, Vladimir Borisovich"]
[Result "1-0"]
[WhiteElo "2133"]
[BlackElo "2117"]
[PlyCount "99"]
[EventDate "2013.10.27"]
[EventType "tourn (corr)"]
[EventRounds "12"]
[EventCountry "GER"]
[SourceTitle "Corr 2015"]
[Source "ChessBase"]
[SourceDate "2015.07.17"]
[SourceVersion "1"]
[SourceVersionDate "2015.07.17"]
[SourceQuality "1"]

1. e4 e6 2. d4 d5 3. e5 c5 4. c3 Nc6 5. Nf3 Qb6 6. Be2 Nh6 7. Bxh6 gxh6 8. Qd2 Bg7 9. 0-0 0-0 10. Na3 Bd7 11. Nc2 Rac8 12. b4 cxb4 13. cxb4 Ne7 14. a4 Qc7 15. Rfc1 Qc3 16. Qd1 Ng6 17. b5 Qa5 18. g3 h5 19. h4 Rc3 20. Qd2 Rfc8 21. Nce1 Bf8 22. Rd1 Qd8 23. Nh2 f5 24. Bxh5 Be8 25. Be2 f4 26. Bd3 fxg3 27. fxg3 Qb6 28. Qe3 Bg7 29. Nhf3 Qc7 30. h5 Nh8 31. g4 Nf7 32. Rd2 a6 33. bxa6 bxa6 34. g5 h6 35. g6 Nd8 36. Nh2 Kh8 37. Ng4 Nc6 38. Qf4 Qe7 39. Bxa6 Rb8 40. Nf6 Na5 41. Rda2 Nb3 42. Rd1 Bc6 43. Bb5 Qb4 44. Nc2 Qa5 45. Na3 Rf8 46. Rf2 Qc7 47. Bxc6 Rxc6 48. Nb5 Qa5 49. Qe3 Qxa4 50. Nd6 1-0

[Event "WC-2017-P-00007"]
[Site "LSS email"]
[Date "2013.02.27"]
[Round "?"]
[White "Lavis, Jon"]
[Black "Orlov, Vladimir Borisovich"]
[Result "1/2-1/2"]
[WhiteElo "2022"]
[BlackElo "2117"]
[PlyCount "61"]
[EventDate "2013.03.03"]
[EventType "tourn (corr)"]
[EventRounds "12"]
[EventCountry "GER"]
[SourceTitle "Corr 2015"]
[Source "ChessBase"]
[SourceDate "2015.07.17"]
[SourceVersion "1"]
[SourceVersionDate "2015.07.17"]
[SourceQuality "1"]

1. e4 e6 2. d4 d5 3. Nc3 Nf6 4. e5 Nfd7 5. f4 c5 6. Nf3 Nc6 7. Be3 a6 8. Be2 b5 9. a3 Qb6 10. 0-0 cxd4 11. Bf2 Bc5 12. Na2 0-0 13. Qd3 f6 14. b4 fxe5 15. Ng5 e4 16. Qh3 Nf6 17. bxc5 Qxc5 18. Nb4 e3 19. Be1 e5 20. f5 Ne7 21. Bg3 h6 22. Ne6 Bxe6 23. fxe6 a5 24. Bxe5 axb4 25. Bxf6 Rxf6 26. Rxf6 Qxc2 27. Qh5 d3 28. Qf7+ Kh8 29. Ra2 Qb1+ 30. Bf1 d2 31. Rxh6+ 1/2-1/2

[Event "WC-2017-P-00007"]
[Site "LSS email"]
[Date "2013.02.27"]
[Round "?"]
[White "Orlov, Vladimir Borisovich"]
[Black "Boettcher, Fred"]
[Result "1/2-1/2"]
[WhiteElo "2117"]
[BlackElo "2133"]
[PlyCount "120"]
[EventDate "2013.03.03"]
[EventType "tourn (corr)"]
[EventRounds "12"]
[EventCountry "GER"]
[SourceTitle "Corr 2015"]
[Source "ChessBase"]
[SourceDate "2015.07.17"]
[SourceVersion "1"]
[SourceVersionDate "2015.07.17"]
[SourceQuality "1"]

1. e4 e5 2. Nf3 Nf6 3. d4 Nxe4 4. dxe5 d5 5. Nbd2 Nc5 6. Nb3 Ne6 7. c3 c5 8. g3 Nc6 9. Bg2 Be7 10. 0-0 0-0 11. Re1 Qd7 12. Be3 b6 13. Qc2 Bb7 14. Rad1 Rad8 15. a3 Rfe8 16. Qf5 g6 17. Qc2 Bf8 18. Qc1 Bg7 19. Bh6 Bh8 20. Qc2 Qc7 21. Qe2 Bg7 22. Qe3 d4 23. cxd4 Ncxd4 24. Nbxd4 cxd4 25. Qd2 Bxf3 26. Bxf3 Bxe5 27. Rc1 Qb8 28. Qd3 Nc5 29. Qb1 Nb3 30. Rcd1 Qd6 31. Qc2 Nc5 32. Qc4 Re7 33. Kg2 Ne6 34. Bd2 Red7 35. Bg4 Rc7 36. Qd3 h5 37. Bf3 Nc5 38. Qb5 Bf6 39. b4 Ne6 40. Qd3 h4 41. Be4 Rdc8 42. Re2 Re7 43. Kg1 Qd7 44. Bg2 Ree8 45. Ree1 Kg7 46. Rc1 Rxc1 47. Rxc1 Rc8 48. Re1 Nc7 49. Qf3 Re8 50. Rc1 Qd8 51. Rc6 Re6 52. a4 Rxc6 53. Qxc6 Ne6 54. Kf1 Qh8 55. Bd5 hxg3 56. hxg3 Qh3+ 57. Bg2 Qh7 58. Qd5 Qh8 59. Bf3 Qe8 60. Bd1 Qc8 1/2-1/2

[Event "WC-2017-P-00007"]
[Site "LSS email"]
[Date "2013.02.27"]
[Round "?"]
[White "Orlov, Vladimir Borisovich"]
[Black "Lavis, Jon"]
[Result "1/2-1/2"]
[WhiteElo "2117"]
[BlackElo "2022"]
[PlyCount "74"]
[EventDate "2013.03.03"]
[EventType "tourn (corr)"]
[EventRounds "12"]
[EventCountry "GER"]
[SourceTitle "Corr 2015"]
[Source "ChessBase"]
[SourceDate "2015.07.17"]
[SourceVersion "1"]
[SourceVersionDate "2015.07.17"]
[SourceQuality "1"]

1. e4 g6 2. d4 Bg7 3. Nc3 c5 4. dxc5 Bxc3+ 5. bxc3 Nf6 6. e5 Ne4 7. Qd4 Qa5 8. Rb1 Qxc3+ 9. Qxc3 Nxc3 10. Rb3 Na4 11. Be3 b6 12. cxb6 axb6 13. h4 h5 14. Nf3 Bb7 15. Ra3 Nc5 16. Rxa8 Bxa8 17. Nd4 Bd5 18. c4 Bb7 19. Rh3 Kd8 20. Bg5 Nc6 21. Nxc6+ Bxc6 22. Ra3 Bb7 23. Ra7 Bc6 24. f3 Re8 25. Kf2 Kc8 26. Bf4 Bb7 27. Be2 Rf8 28. Ra3 f5 29. Bg5 Re8 30. Bf4 Kc7 31. g3 Rd8 32. Bg5 Re8 33. Be3 Rd8 34. Bf1 Kc6 35. Ra7 Kc7 36. Bg5 Re8 37. Ra3 Kc6 1/2-1/2

[Event "BI-2012-F-00009"]
[Site "LSS email"]
[Date "2013.02.15"]
[Round "?"]
[White "Bottoni, Carlo"]
[Black "Orlov, Vladimir Borisovich"]
[Result "1/2-1/2"]
[WhiteElo "1764"]
[BlackElo "2084"]
[PlyCount "142"]
[EventDate "2013.02.20"]
[EventType "tourn (corr)"]
[EventRounds "10"]
[EventCountry "GER"]
[SourceTitle "Telechess CBM 161"]
[Source "ChessBase"]
[SourceDate "2014.07.16"]
[SourceVersion "1"]
[SourceVersionDate "2014.07.16"]
[SourceQuality "1"]

1. d4 Nf6 2. c4 e6 3. Nc3 Bb4 4. e3 b6 5. Bd3 Bb7 6. Nf3 Ne4 7. 0-0 f5 8. Qc2 Bxc3 9. bxc3 0-0 10. Ne1 c5 11. f3 Nd6 12. Ba3 Na6 13. Qe2 Qe7 14. e4 fxe4 15. fxe4 Rxf1+ 16. Kxf1 e5 17. d5 Nc7 18. Bc1 Rf8+ 19. Kg1 Nf7 20. a4 d6 21. a5 bxa5 22. Nf3 Ne8 23. Rxa5 Bc8 24. Qe1 Nf6 25. Nh4 Nh5 26. Nf5 Qc7 27. Ra2 Nf4 28. Bb1 g6 29. Ne3 a5 30. Bc2 Bd7 31. Bd2 Kg7 32. Nd1 Nh6 33. Nf2 Ng4 34. Nxg4 Bxg4 35. h3 Bd7 36. Kh2 Qd8 37. Be3 g5 38. Qg3 h6 39. Bd2 Qc7 40. Qe3 Kg6 41. Qe1 Qc8 42. Bd1 Qa6 43. Be2 Nxe2 44. Qxe2 Qb6 45. Qd3 Qc7 46. Qb1 Rb8 47. Qf1 a4 48. Bc1 Qd8 49. Rf2 Qe7 50. Qd3 Be8 51. Kg1 Rb3 52. Kh1 Kh7 53. Kh2 Bh5 54. Ra2 Qd7 55. Bd2 Be8 56. Ra1 Qb7 57. Rf1 Bg6 58. Ra1 Qd7 59. Bc1 Rb8 60. Ra2 Be8 61. Kg1 Kg8 62. Rf2 Bg6 63. Rf6 Kg7 64. Rf2 Qb7 65. Qf3 Qf7 66. Qe2 Qa7 67. Qd3 Qb6 68. Qf3 Qd8 69. Qd3 Qd7 70. Kh2 Rf8 71. Ra2 Be8 1/2-1/2

[Event "BI-2012-F-00009"]
[Site "LSS email"]
[Date "2013.02.15"]
[Round "?"]
[White "Zhdanenia, Konstantin A"]
[Black "Orlov, Vladimir Borisovich"]
[Result "1/2-1/2"]
[WhiteElo "1657"]
[BlackElo "2084"]
[PlyCount "51"]
[EventDate "2013.02.20"]
[EventType "tourn (corr)"]
[EventRounds "10"]
[EventCountry "GER"]
[SourceTitle "Telechess CBM 161"]
[Source "ChessBase"]
[SourceDate "2014.07.16"]
[SourceVersion "1"]
[SourceVersionDate "2014.07.16"]
[SourceQuality "1"]

1. c4 Nf6 2. g3 e6 3. Bg2 d5 4. d4 dxc4 5. Nf3 c5 6. 0-0 Nc6 7. Qa4 Bd7 8. Qxc4 b5 9. Qd3 Rc8 10. dxc5 Bxc5 11. Nc3 b4 12. Ne4 Nxe4 13. Qxe4 Ne7 14. a3 bxa3 15. b4 Bb6 16. Rd1 0-0 17. Bxa3 Nd5 18. Bb2 h6 19. e3 Qe8 20. Bf1 Nc3 21. Bxc3 Rxc3 22. Bd3 f5 23. Qe5 Rc7 24. Bf1 Kh7 25. Rd6 Rc6 26. Rd2 1/2-1/2

[Event "ZH-2012-0-00909"]
[Site "LSS email"]
[Date "2012.11.05"]
[Round "?"]
[White "Liamtsau, Valery"]
[Black "Orlov, Vladimir Borisovich"]
[Result "1-0"]
[WhiteElo "2224"]
[BlackElo "2178"]
[PlyCount "147"]
[EventDate "2012.10.31"]
[EventType "match (corr)"]
[EventRounds "2"]
[EventCountry "GER"]
[SourceTitle "Telechess CBM 163"]
[Source "ChessBase"]
[SourceDate "2014.11.11"]
[SourceVersion "2"]
[SourceVersionDate "2014.11.11"]
[SourceQuality "1"]

1. Nf3 d5 2. d4 Nf6 3. c4 c6 4. Nc3 e6 5. e3 Nbd7 6. Bd3 dxc4 7. Bxc4 b5 8. Be2 Bb7 9. 0-0 a6 10. e4 c5 11. e5 Nd5 12. a4 b4 13. Nxd5 Bxd5 14. Be3 Be7 15. Rc1 Qa5 16. dxc5 Bxc5 17. Nd4 0-0 18. Bc4 Bxd4 19. Qxd4 Bxc4 20. Rxc4 Rfd8 21. f4 Qxa4 22. Rxb4 Qa5 23. Qc3 Rac8 24. Rc4 Qxc3 25. Rxc3 Rxc3 26. bxc3 Rc8 27. Bd4 f5 28. Ra1 Ra8 29. Kf2 a5 30. Ke2 Nb8 31. g3 Kf7 32. Bc5 g5 33. Rd1 a4 34. Ba3 Ra7 35. Rd8 Nd7 36. Kd3 gxf4 37. gxf4 Rc7 38. c4 Nb6 39. Rd4 h5 40. h4 Ra7 41. Kc3 Rb7 42. Bc5 Nd7 43. Bb4 Ra7 44. Kb2 Nb8 45. Ka3 Nc6 46. Rd2 Ke8 47. Bc3 Ra8 48. Rd6 Nd8 49. Bd4 Rc8 50. Bb6 Nb7 51. Rxe6+ Kd7 52. Rf6 Rxc4 53. Rf7+ Ke6 54. Rxb7 Rxf4 55. Bd8 Rf3+ 56. Kxa4 Kxe5 57. Bc7+ Kd5 58. Rb5+ Ke4 59. Rb4+ Kd5 60. Bb8 Rd3 61. Rf4 Ke6 62. Kb4 Rd8 63. Bc7 Rd7 64. Rc4 Rd3 65. Kc5 Rh3 66. Bb8 Rh1 67. Ra4 Rh3 68. Rd4 Rc3+ 69. Kb4 Rh3 70. Kc4 Re3 71. Rd6+ Kf7 72. Bc7 f4 73. Bd8 Ra3 74. Bg5 1-0

[Event "CP-2012-P-00010"]
[Site "LSS email"]
[Date "2012.10.01"]
[Round "?"]
[White "Lavis, Jon"]
[Black "Orlov, Vladimir Borisovich"]
[Result "0-1"]
[WhiteElo "2063"]
[BlackElo "2163"]
[PlyCount "44"]
[EventDate "2012.10.05"]
[EventType "tourn (corr)"]
[EventRounds "6"]
[EventCountry "GER"]
[SourceTitle "Telechess CBM 159"]
[Source "ChessBase"]
[SourceDate "2014.03.17"]
[SourceVersion "1"]
[SourceVersionDate "2014.03.17"]
[SourceQuality "1"]

1. e4 e6 2. d4 d5 3. Nc3 Nf6 4. e5 Nfd7 5. f4 c5 6. Nf3 Nc6 7. Be3 a6 8. a3 cxd4 9. Nxd4 Bc5 10. Qd2 0-0 11. Be2 Qc7 12. h4 b5 13. h5 h6 14. Nxc6 Qxc6 15. Rh3 Rb8 16. g4 b4 17. axb4 Rxb4 18. Bxc5 Qxc5 19. 0-0-0 Bb7 20. Na2 Ra4 21. Kb1 Rb8 22. Ra3 Rxa3 0-1

[Event "CP-2009-S-00002"]
[Site "LSS email"]
[Date "2012.05.08"]
[Round "?"]
[White "Orlov, Vladimir Borisovich"]
[Black "Kurowski, Andrzej"]
[Result "1/2-1/2"]
[WhiteElo "2084"]
[BlackElo "2038"]
[PlyCount "58"]
[EventDate "2012.05.11"]
[EventType "tourn (corr)"]
[EventRounds "6"]
[EventCountry "GER"]
[SourceTitle "Telechess CBM 161"]
[Source "ChessBase"]
[SourceDate "2014.07.16"]
[SourceVersion "1"]
[SourceVersionDate "2014.07.16"]
[SourceQuality "1"]

1. e4 e6 2. d4 d5 3. Nd2 Nf6 4. e5 Nfd7 5. Bd3 c5 6. c3 Nc6 7. Ne2 cxd4 8. cxd4 f6 9. exf6 Nxf6 10. Nf3 Bd6 11. 0-0 Qc7 12. Bg5 0-0 13. Bh4 Qb6 14. a3 e5 15. Bxf6 Rxf6 16. Nc3 Be6 17. dxe5 Bxe5 18. Nxe5 Nxe5 19. Bxh7+ Kxh7 20. Qh5+ Kg8 21. Qxe5 Rf5 22. Qg3 Raf8 23. Rac1 d4 24. Ne4 Bd5 25. Qd3 Bxe4 26. Qxe4 Qxb2 27. f3 Rg5 28. g3 Rh5 29. h4 Qxa3 1/2-1/2

[Event "BI-2012-P-00030"]
[Site "LSS email"]
[Date "2012.04.20"]
[Round "?"]
[White "Needham, Mark"]
[Black "Orlov, Vladimir Borisovich"]
[Result "1/2-1/2"]
[WhiteElo "1506"]
[BlackElo "2178"]
[PlyCount "65"]
[EventDate "2012.04.22"]
[EventType "tourn (corr)"]
[EventRounds "10"]
[EventCountry "GER"]
[SourceTitle "Telechess CBM 163"]
[Source "ChessBase"]
[SourceDate "2014.11.11"]
[SourceVersion "2"]
[SourceVersionDate "2014.11.11"]
[SourceQuality "1"]

1. Nf3 Nf6 2. c4 g6 3. g3 Bg7 4. Bg2 0-0 5. 0-0 d6 6. d4 Nc6 7. Nc3 Rb8 8. h3 a6 9. e4 b5 10. e5 dxe5 11. dxe5 Qxd1 12. Rxd1 Nd7 13. e6 fxe6 14. cxb5 axb5 15. Be3 b4 16. Ne4 Bxb2 17. Rab1 Nde5 18. Rxb2 Nxf3+ 19. Kh1 e5 20. Nd2 Nfd4 21. Rc1 Bb7 22. Bxd4 Nxd4 23. Rxc7 Ba6 24. Ne4 Rbc8 25. Rxe7 Rc1+ 26. Kh2 Bf1 27. Rxb4 Bxg2 28. Kxg2 Nf3 29. h4 Rg1+ 30. Kh3 Rh1+ 31. Kg2 Rg1+ 32. Kh3 Rh1+ 33. Kg2 1/2-1/2

[Event "BI-2012-P-00030"]
[Site "LSS email"]
[Date "2012.04.20"]
[Round "?"]
[White "Orlov, Vladimir Borisovich"]
[Black "Zhdanenia, Konstantin A"]
[Result "1/2-1/2"]
[WhiteElo "2178"]
[BlackElo "2003"]
[PlyCount "67"]
[EventDate "2012.04.22"]
[EventType "tourn (corr)"]
[EventRounds "10"]
[EventCountry "GER"]
[SourceTitle "Telechess CBM 163"]
[Source "ChessBase"]
[SourceDate "2014.11.11"]
[SourceVersion "2"]
[SourceVersionDate "2014.11.11"]
[SourceQuality "1"]

1. e4 e6 2. d4 d5 3. Nc3 Bb4 4. e5 c5 5. a3 Bxc3+ 6. bxc3 Ne7 7. Qg4 Kf8 8. a4 b6 9. Ba3 Ba6 10. Bd3 Bxd3 11. cxd3 cxd4 12. Qxd4 Nbc6 13. Qf4 Kg8 14. Nf3 Rc8 15. 0-0 h6 16. h3 Ng6 17. Qe3 Kh7 18. Bd6 f6 19. Rfc1 Ngxe5 20. Nxe5 fxe5 21. Bxe5 Nxe5 22. Qxe5 Qf6 23. Qe1 Rhd8 24. d4 Rd6 25. a5 b5 26. a6 Rb6 27. Rcb1 Qf5 28. Rb3 Qc2 29. Rba3 Rc4 30. R1a2 Qf5 31. Rb3 Qd3 32. Rd2 Qf5 33. Ra2 Qd3 34. Rd2 1/2-1/2

[Event "BI-2012-P-00030"]
[Site "LSS email"]
[Date "2012.04.20"]
[Round "?"]
[White "Paluch, Andrzej"]
[Black "Orlov, Vladimir Borisovich"]
[Result "1/2-1/2"]
[WhiteElo "1842"]
[BlackElo "2178"]
[PlyCount "105"]
[EventDate "2012.04.22"]
[EventType "tourn (corr)"]
[EventRounds "10"]
[EventCountry "GER"]
[SourceTitle "Telechess CBM 163"]
[Source "ChessBase"]
[SourceDate "2014.11.11"]
[SourceVersion "2"]
[SourceVersionDate "2014.11.11"]
[SourceQuality "1"]

1. e4 e6 2. d4 d5 3. Nd2 c5 4. exd5 Qxd5 5. Ngf3 cxd4 6. Bc4 Qd6 7. 0-0 Nf6 8. Nb3 Nc6 9. Nbxd4 Nxd4 10. Qxd4 Qxd4 11. Nxd4 Bd7 12. Bf4 Rc8 13. Bb3 Bc5 14. Rfd1 Ke7 15. Rd3 a5 16. a4 Rhd8 17. c3 Bc6 18. Nxc6+ bxc6 19. Rxd8 Rxd8 20. Re1 Ng4 21. Re2 Bd6 22. Bg5+ Nf6 23. Be3 Nd5 24. Bd2 Rb8 25. Bd1 Nf4 26. Bxf4 Bxf4 27. Kf1 c5 28. Rc2 Rd8 29. Ke1 Bxh2 30. g3 Rd5 31. Rd2 Rg5 32. Kf1 Bxg3 33. fxg3 Rxg3 34. Rh2 h6 35. Be2 Rg5 36. Bf3 Rf5 37. Ke2 Re5+ 38. Kd3 Rf5 39. Ke3 Re5+ 40. Kd3 Rf5 41. Be4 Rf1 42. Rh1 Rf2 43. b3 Kd6 44. Bb7 Kc7 45. Ba8 Rf5 46. Be4 Rf2 47. Ba8 Rf5 48. Ke3 h5 49. Be4 Rg5 50. Bf3 Re5+ 51. Kf2 g6 52. Rh4 Kd7 53. Be2 1/2-1/2

[Event "RM-2012-0-00094"]
[Site "LSS email"]
[Date "2012.04.15"]
[Round "?"]
[White "Simmelink, Joop Theo"]
[Black "Orlov, Vladimir Borisovich"]
[Result "1-0"]
[WhiteElo "2284"]
[BlackElo "2184"]
[PlyCount "115"]
[EventDate "2012.03.06"]
[EventType "tourn (corr)"]
[EventRounds "6"]
[EventCountry "GER"]
[SourceTitle "Telechess CBM 153"]
[Source "ChessBase"]
[SourceDate "2013.03.14"]
[SourceVersion "1"]
[SourceVersionDate "2013.03.14"]
[SourceQuality "1"]

1. e4 e6 2. d4 d5 3. Nc3 Nf6 4. Bg5 dxe4 5. Nxe4 Nbd7 6. Nxf6+ Nxf6 7. Nf3 c5 8. Bc4 cxd4 9. 0-0 a6 10. Qe2 h6 11. Bh4 Be7 12. Rad1 b5 13. Bb3 0-0 14. Nxd4 Qc7 15. Rfe1 Rd8 16. c3 Bd7 17. Qf3 Qc5 18. Bg3 Rac8 19. Re5 Qa7 20. a3 a5 21. Bf4 b4 22. Qg3 bxc3 23. Nf5 exf5 24. Rxe7 c2 25. Rf1 Kh8 26. Rxf7 Rg8 27. Rxf6 gxf6 28. Bxg8 Rxg8 29. Qc3 Kh7 30. Qxc2 Qb6 31. Bd2 Rg7 32. Bc3 a4 33. h3 Qc5 34. Kh1 Bc6 35. f3 Kg6 36. Qd2 Rd7 37. Qf4 Qd6 38. Qh4 Bb5 39. Rc1 Rd8 40. Rg1 Bc6 41. Bb4 Qc7 42. Rc1 Re8 43. Qc4 Rc8 44. Re1 Bd7 45. Qd4 Bb5 46. Bc3 Qf7 47. Qb4 Qd5 48. Bxf6 Qc4 49. Qd2 Re8 50. Be5 Re6 51. Qd8 Be8 52. Kh2 Kh7 53. f4 Qc6 54. Rd1 Kg8 55. Rd2 Rg6 56. Rc2 Qb5 57. Qa8 Kf8 58. Rc8 1-0

[Event "CP-2010-Q-00005"]
[Site "LSS email"]
[Date "2012.01.15"]
[Round "?"]
[White "Grkinic, Goran"]
[Black "Orlov, Vladimir Borisovich"]
[Result "1/2-1/2"]
[WhiteElo "1915"]
[BlackElo "2163"]
[PlyCount "35"]
[EventDate "2012.01.20"]
[EventType "tourn (corr)"]
[EventRounds "6"]
[EventCountry "GER"]
[SourceTitle "Corr 2015"]
[Source "ChessBase"]
[SourceDate "2015.07.17"]
[SourceVersion "1"]
[SourceVersionDate "2015.07.17"]
[SourceQuality "1"]

1. d4 Nf6 2. c4 e6 3. Nf3 b6 4. g3 Ba6 5. b3 Bb7 6. Bg2 Bb4+ 7. Bd2 a5 8. 0-0 0-0 9. Qc2 d6 10. Nc3 Nbd7 11. Rfe1 Bxc3 12. Bxc3 Be4 13. Qb2 Re8 14. Rad1 Bb7 15. Qc2 Be4 16. Qb2 Bb7 17. Qc2 Be4 18. Qb2 1/2-1/2

[Event "CP-2010-Q-00005"]
[Site "LSS email"]
[Date "2012.01.15"]
[Round "?"]
[White "Orlov, Vladimir Borisovich"]
[Black "Kurpnieks, Vairis"]
[Result "1-0"]
[WhiteElo "2163"]
[BlackElo "2124"]
[PlyCount "103"]
[EventDate "2012.01.20"]
[EventType "tourn (corr)"]
[EventRounds "6"]
[EventCountry "GER"]
[SourceTitle "Telechess CBM 159"]
[Source "ChessBase"]
[SourceDate "2014.03.17"]
[SourceVersion "1"]
[SourceVersionDate "2014.03.17"]
[SourceQuality "1"]

1. e4 c5 2. Nf3 g6 3. d4 cxd4 4. Nxd4 Nc6 5. c4 Nf6 6. Nc3 d6 7. Nc2 Bg7 8. Be2 0-0 9. 0-0 Qa5 10. Bd2 Be6 11. f4 Rac8 12. Rb1 a6 13. Kh1 Qc7 14. Be1 Rfe8 15. Ne3 b6 16. b4 Qa7 17. Qd2 Qb7 18. Bh4 Bd7 19. Rfc1 e5 20. f5 Nd4 21. Bxf6 Bxf6 22. Ng4 Bg7 23. f6 Bxg4 24. Bxg4 Bxf6 25. Nd5 Bd8 26. Bxc8 Qxc8 27. Qd3 Kg7 28. Rf1 Rf8 29. b5 axb5 30. cxb5 Qa8 31. Qc3 f5 32. Qb4 Qb8 33. a4 h5 34. Qa3 Rf7 35. exf5 gxf5 36. Rbd1 h4 37. Rxd4 exd4 38. Qd3 Qc8 39. Qxd4+ Kh7 40. Nxb6 Bxb6 41. Qxb6 Qc4 42. Ra1 Qc3 43. Rd1 h3 44. Qd4 hxg2+ 45. Kg1 Qc2 46. b6 Rb7 47. a5 Qe2 48. Qd3 Qe5 49. Qh3+ Kg8 50. Qg3+ Kf7 51. Qxe5 dxe5 52. Rb1 1-0

[Event "CP-2010-Q-00005"]
[Site "LSS email"]
[Date "2012.01.15"]
[Round "?"]
[White "Orlov, Vladimir Borisovich"]
[Black "Matugin, Sergei"]
[Result "1/2-1/2"]
[WhiteElo "2163"]
[BlackElo "2006"]
[PlyCount "107"]
[EventDate "2012.01.20"]
[EventType "tourn (corr)"]
[EventRounds "6"]
[EventCountry "GER"]
[SourceTitle "Telechess CBM 159"]
[Source "ChessBase"]
[SourceDate "2014.03.17"]
[SourceVersion "1"]
[SourceVersionDate "2014.03.17"]
[SourceQuality "1"]

1. e4 e5 2. Nf3 Nc6 3. Bb5 a6 4. Ba4 Nf6 5. 0-0 Be7 6. Re1 b5 7. Bb3 d6 8. c3 0-0 9. h3 Na5 10. Bc2 c5 11. d4 Qc7 12. Nbd2 cxd4 13. cxd4 Nc6 14. Nb3 a5 15. Be3 a4 16. Nbd2 Bd7 17. Rc1 Qb7 18. a3 Rfe8 19. Qe2 Bd8 20. dxe5 Nxe5 21. Nd4 Ba5 22. Bg5 Bb6 23. N2f3 Nxf3+ 24. Nxf3 Ba5 25. Nd2 Re6 26. b4 Bb6 27. Nf3 Rae8 28. Bxf6 Rxf6 29. Bb1 Be6 30. Bd3 Bd7 31. Kh1 Ba7 32. Rc2 h6 33. Rec1 Bb8 34. Rc3 Qb6 35. Bb1 Rfe6 36. Qd2 R6e7 37. Bd3 Rd8 38. Qb2 Ree8 39. Kg1 Ba7 40. Rc7 Bb8 41. R7c2 Ba7 42. Rd2 Bb8 43. Re1 Rc8 44. Red1 Qb7 45. Nd4 d5 46. exd5 Qxd5 47. Nf3 Qb7 48. Bh7+ Kxh7 49. Rxd7 Rc7 50. Rxc7 Bxc7 51. Qc2+ g6 52. Rd3 Bb6 53. Rd6 Rd8 54. Rxd8 1/2-1/2

[Event "CP-2011-P-00037"]
[Site "LSS email"]
[Date "2011.09.30"]
[Round "?"]
[White "Aberg, Lars Erik"]
[Black "Orlov, Vladimir Borisovich"]
[Result "1/2-1/2"]
[WhiteElo "2032"]
[BlackElo "2229"]
[PlyCount "69"]
[EventDate "2011.10.01"]
[EventType "tourn (corr)"]
[EventRounds "6"]
[EventCountry "GER"]
[SourceTitle "Telechess CBM 155"]
[Source "ChessBase"]
[SourceDate "2013.07.16"]
[SourceVersion "1"]
[SourceVersionDate "2013.07.16"]
[SourceQuality "1"]

1. d4 Nf6 2. c4 e6 3. Nc3 Bb4 4. Qc2 0-0 5. a3 Bxc3+ 6. Qxc3 b6 7. Bg5 Bb7 8. f3 h6 9. Bh4 d5 10. e3 Nbd7 11. cxd5 Nxd5 12. Bxd8 Nxc3 13. Bh4 Nd5 14. Kd2 c5 15. Ne2 f5 16. Nc3 cxd4 17. Nxd5 Bxd5 18. exd4 a6 19. Bd3 b5 20. Be7 Rfc8 21. Rac1 Nb6 22. Bb4 Nc4+ 23. Bxc4 bxc4 24. h4 a5 25. Bc3 g6 26. Kc2 Rcb8 27. Rhe1 a4 28. Bd2 Kg7 29. Kb1 Rb5 30. Bf4 Ra7 31. Bd2 Rf7 32. Bb4 Rd7 33. Kc2 Kf6 34. Re5 Rh7 35. Rce1 1/2-1/2

[Event "CP-2009-Q-00011"]
[Site "LSS email"]
[Date "2011.02.03"]
[Round "?"]
[White "Fritsche, Frank"]
[Black "Orlov, Vladimir Borisovich"]
[Result "1-0"]
[WhiteElo "2319"]
[BlackElo "2235"]
[PlyCount "119"]
[EventDate "2011.02.05"]
[EventType "tourn (corr)"]
[EventRounds "6"]
[EventCountry "GER"]
[SourceTitle "Telechess CBM 149"]
[Source "ChessBase"]
[SourceDate "2012.07.17"]
[SourceVersion "1"]
[SourceVersionDate "2012.07.17"]
[SourceQuality "1"]

1. e4 e6 2. d4 d5 3. e5 c5 4. c3 Nc6 5. Nf3 Qb6 6. a3 c4 7. Nbd2 Na5 8. Be2 Bd7 9. 0-0 Ne7 10. Rb1 Qc7 11. Re1 Nc8 12. Nf1 Nb6 13. Bf4 h6 14. Qd2 Be7 15. h4 0-0-0 16. Bg3 Rdg8 17. Qf4 g5 18. hxg5 Be8 19. gxh6 Bf8 20. N3h2 Bxh6 21. Qf3 Ba4 22. Bd1 Bxd1 23. Rbxd1 Bg5 24. Ng4 Rg7 25. Qe2 Rgh7 26. f4 Be7 27. f5 Rh5 28. Nfe3 Bg5 29. Rf1 Na4 30. Kf2 Qd8 31. Qc2 Bxe3+ 32. Nxe3 Nb3 33. Ke2 Qg8 34. Rf3 Rg5 35. Kf2 Rgh5 36. Bf4 Qh7 37. Rg1 Rh4 38. g4 Rg8 39. Ke2 Kb8 40. Kd1 Rh3 41. Rgf1 Rxf3 42. Rxf3 Qh4 43. Qg2 Qd8 44. g5 Qb6 45. Nxd5 Nxb2+ 46. Qxb2 Qc6 47. Qe2 Qxd5 48. g6 fxg6 49. f6 Rf8 50. Bh6 Rf7 51. Rh3 Kc7 52. Qg4 g5 53. Bxg5 Na5 54. Qh5 Qd7 55. Ke2 b5 56. Bh6 Nc6 57. Rg3 Kb6 58. Rg7 Nd8 59. Rg8 Nb7 60. Qg6 1-0

[Event "CP-2009-Q-00011"]
[Site "LSS email"]
[Date "2011.02.03"]
[Round "?"]
[White "Orlov, Vladimir Borisovich"]
[Black "Abbey, William"]
[Result "1-0"]
[WhiteElo "2235"]
[BlackElo "1983"]
[PlyCount "113"]
[EventDate "2011.02.05"]
[EventType "tourn (corr)"]
[EventRounds "6"]
[EventCountry "GER"]
[SourceTitle "Telechess CBM 149"]
[Source "ChessBase"]
[SourceDate "2012.07.17"]
[SourceVersion "1"]
[SourceVersionDate "2012.07.17"]
[SourceQuality "1"]

1. e4 Nc6 2. d4 d5 3. exd5 Qxd5 4. Be3 e5 5. Nc3 Bb4 6. Nge2 Nf6 7. a3 exd4 8. Bxd4 Bxc3+ 9. Bxc3 Qe6 10. Qd3 0-0 11. 0-0-0 Ne4 12. Nf4 Qf5 13. Nd5 Be6 14. Be1 Bxd5 15. Qxd5 Qf4+ 16. Bd2 Nxd2 17. Qxd2 Qf6 18. f4 Rad8 19. Bd3 Rfe8 20. Kb1 a6 21. g4 Nd4 22. Rhf1 Qh6 23. g5 Qc6 24. f5 Nf3 25. Qb4 Ne5 26. Be4 Qc4 27. Bxb7 Qxb4 28. axb4 Rb8 29. Bxa6 Rxb4 30. f6 h6 31. gxh6 Rb6 32. Be2 Rxf6 33. Rxf6 gxf6 34. Bd3 Nxd3 35. Rxd3 Re1+ 36. Ka2 Re6 37. Rd5 Kh7 38. b4 Kxh6 39. Rc5 Re7 40. h4 f5 41. Rxf5 Kg6 42. Rg5+ Kf6 43. Kb3 Ke6 44. h5 f5 45. Kc3 Ke5 46. b5 Rh7 47. Kd3 Kf4 48. Rg6 Rxh5 49. Rg7 Rh1 50. Kd4 Rb1 51. c4 Rb2 52. Rxc7 Kg5 53. Rf7 Kf4 54. Kc5 Kg5 55. b6 f4 56. Rf8 Kh5 57. Rxf4 1-0